00384nam a2200145Ia 4500003000400000005001700004008004100021020001500062050002200077100002000099245003600119260004100155300003400196526000800230OSt20170405113500.0140306s9999 xx 000 0 und d a1597070289 aFIC bL796H6 2006 aLobdell, Scott  aHyde & shriek /cScott Lobdell. aNew York :bScholastic Inc.,cc2006. a112 p. :bcol. ill. ;c18 cm. c700